000 00347nam a22001217a 4500
999 _c650
_d650
005 20200817114324.0
008 200817b ||||| |||| 00| 0 eng d
020 _a024192
040 _cCML
245 _aAmerican Immigration.
_cJone, M.A.
260 _aThe University of Chicago Press
_bChicago
_c1960
942 _2ddc
_cBK
_h325.73
_mJON